| 000 | 00754nam a2200241Ia 4500 | ||
|---|---|---|---|
| 003 | GCL | ||
| 008 | 140319s9999 xx 000 0 ara d | ||
| 040 |
_aGCL / _cGCL |
||
| 082 | 0 | 4 |
_a953.0706 _bا ك |
| 100 | 1 | _aابونعيم الاصبهانى ، أحمد | |
| 245 | 1 | 0 |
_aكتاب تاريخ اصبهان (ذكرأخبار أصبهان) / _cابونعيم الاصبهانى ، أحمد |
| 700 | 1 | _aسيد كسروى حسن (تحقيق) | |
| 250 | _aالاولى | ||
| 260 |
_aبيروت : _bدار الكتب العلمية ، _c1990 |
||
| 300 |
_a431 ص ؛ _c24 سم |
||
| 490 | _a | ||
| 650 | 0 | 4 | _aتاريخ |
| 650 | 0 | 4 | _aايران |
| 650 | 0 | 4 | _aالتراجم |
| 650 | 0 | 4 | _aالفرس |
| 650 | 0 | 4 | _aاصبهان |
| 942 |
_2ddc _cBK |
||
| 999 |
_c37470 _d37470 |
||